000 00596nam a2200193 a 4500
005 20240924065958.0
008 010921s2000 es r 000 0 spa d
020 _a8471336952
035 _aUPN01000111822
049 _aCG
050 4 _aLB2801 A1
_bB6.2
100 1 _aBolívar Botía, Antonio,
_d1952-
_931294
245 1 4 _aLos centros educativos como organizaciones que aprenden :
_bpromesa y realidades /
_cAntonio Bolívar.
260 _aMadrid :
_bLa Muralla,
_c2000.
300 _a252 p.
440 0 _aAula abierta
650 4 _aEscuelas
_xDirección y organización
_9346
905 _aLibro
999 _c85730
_d85730